| 000 | 01469nam0a2200349 4500 | ||
|---|---|---|---|
| 001 | RU\NLR\BIBL_A\022553865 | ||
| 005 | 20250703114525.0 | ||
| 010 |
_a978-5-00185-744-0 _bПросвещение-Союз _9600 |
||
| 010 |
_a978-5-09-125408-2 _bПросвещение |
||
| 021 |
_aRU _bКН-П-25-020554 _9КН-П-25-2080 |
||
| 035 | _a(NLR Aleph) 022553865 | ||
| 090 |
_a13447022 _c13447022 |
||
| 100 | _a20250529d2025 u y0rusy50 ca | ||
| 101 | 0 | _arus | |
| 102 | _aRU | ||
| 105 | _aac z 000yy | ||
| 181 | 0 |
_ai3 _baxxe |
|
| 181 | 0 |
_ab2 _bxb2e |
|
| 182 | 0 | _an | |
| 200 | 1 |
_aМудрость тысячелетий _eизречения, афоризмы, высказывания, цитаты _fред.-сост. Е. А. Павликова] |
|
| 203 |
_aТекст _aИзображение _bвизуальные _cнепосредственные |
||
| 210 |
_aМосква _cПросвещение, Просвещение-Союз, ОЛМА _d2025 |
||
| 215 |
_a205, [1] с. _cил., цв. ил., портр. _d26 |
||
| 225 | 1 | _aМудрость тысячелетий | |
| 333 | _aДля детей старше 6 лет | ||
| 606 | 1 |
_aАфоризмы _jСборники _2nlr_sh2 _3RU\NLR\AUTH\6694446 |
|
| 686 | 1 | _aЯ438(0) | |
| 702 | 1 |
_aПавликова _bЕ. А. _gЕлена Александровна _4340 _4220 |
|
| 942 | _cBOOK | ||
| 980 | _aNB | ||